Statistics for Russian Anthem

Click here to take the quiz!

General Stats

  • This quiz has been taken 49 times
    (45 since last reset)
  • The average score is 9 of 24

Answer Stats

Lyrics% Correct
{Russia}, our beloved country
98%
{Russia}, our holy nation
98%
We are {proud} of you!
68%
Be glorious our {country}!
58%
Be glorious our free {country}!
58%
Age old {union}
53%
Be glorious, our free {motherland}
53%
Our loyalty to our {motherland}
53%
These are yours for all {time}!
53%
A mighty {will}, great glory
35%
From the {southern} seas
33%
to the {polar} lands
33%
one of a {kind}
30%
Spread our {forests}
28%
Native land {protected} by God
25%
You are {unique} in the world,
25%
and {fields}
23%
Thus it was, thus it is and {always} will be
20%
Wide spaces for {dreams}
20%
and for {living}
13%
Are {opened} for is by the coming years
10%
gives us {strength}
10%
of {fraternal} people
8%
Popular wisdom given by our {forebears}
3%

Score Distribution

Percentile by Number Answered

Percent of People with Each Score

Your Score History

You have not taken this quiz since the last reset